000 00400nam a2200145Ia 4500
008 230917s9999||||xx |||||||||||||| ||und||
040 _e206594
_aMAIN
041 _aEnglish
082 _a791.430954 B299B
100 _aBasu, Anustup
245 0 _aBollywood in the age of new media: Geo-televisual aesthetic
260 _aNew Delhi
_bOrient Blackswan
_c2012
300 _aviii, 262 p.
942 _cBK
999 _c174705
_d174705